WSU Finance 400 Quiz Stats

 Plays Quiz not verified by Sporcle

Also try: Playing Card Sort
Challenge
Share
Tweet
Embed
Score 0/10 Timer 10:00
0 Plays Today
Ratios Financial Ratios % Correct
????
100%
????
78.3%
????
70.8%
????
53.8%
????
32.1%
????
27.4%
????
21.7%
????
19.8%
????
14.2%
????
0.9%

You're not logged in!

Compare scores with friends on all Sporcle quizzes.
OR
Log In

You Might Also Like...

Show Comments

Extras

Created Apr 5, 2011ReportNominate
Tags:400, finance, financial, ratio, wsu

Top Quizzes Today


Score Distribution

Your Account Isn't Verified!

In order to create a playlist on Sporcle, you need to verify the email address you used during registration. Go to your Sporcle Settings to finish the process.

Report this User

Report this user for behavior that violates our Community Guidelines.

Details: